00596nam a2200181Ia 4500008004100000082001600041100001500057245002500072250000900097260002900106300000900135500002400144650001200168942000700180952010500187952010500292999001700397230524s9999 xx 000 0 und d a530.14bRAJ aB.S.Rajput 0aMathematical Physics a18TH aNEW DELHIbPragatic2005 a1328 aQuantity Number: 2 aPhysics cBK 00104070aTATCLbTATCLcGENd2023-05-24l0o530.14 RAJp6094r2023-05-24w2023-05-24yBKzBSCM2101 00104070aTATCLbTATCLcGENd2023-05-24l0o530.14 RAJp6095r2023-05-24w2023-05-24yBKzBSCM2101 c16033d16033